[Event "e2e4 Gatwick Nov Open"]
[Site "Crawley ENG"]
[Date "2013.11.03"]
[Round "4"]
[White "Atako,C"]
[Black "Foster,Chantelle L"]
[Result "1/2-1/2"]
[WhiteElo "2101"]
[BlackElo "1879"]

1.e4 c5 2.Nc3 Nc6 3.Nf3 e6 4.d4 cxd4 5.Nxd4 Qc7 6.Be2 a6 7.O-O Nf6 8.Be3 Bb4
9.Na4 Be7 10.c4 Nxe4 11.Nxc6 bxc6 12.Qd4 Nf6 13.Nb6 Rb8 14.c5 d6 15.Nxc8 dxc5
16.Qc4 Qxc8 17.Bxc5 Nd5 18.Rab1 a5 19.Bxe7 Nxe7 20.Qc3 O-O 21.Qxa5 Rd8 22.Rfd1 Rd5
23.Qc3 Qb7 24.Bf3 Rxd1+ 25.Rxd1 Nd5 26.Bxd5 exd5 27.b3 Rc8 28.h3 h6 29.b4 Qb5
30.Rc1 Qa4 31.a3 Rb8 32.Qxc6 Qxa3 33.b5 Rxb5 34.Qc8+ Qf8 35.Qd7 Rc5 36.Rd1 Qb8
37.Rxd5 Rc1+ 38.Rd1 Qb1 39.Qc8+ Rxc8 40.Rxb1 Rc2 41.g3 g6 42.Kg2 Kg7 43.g4 g5
44.Kg3 Kg6 45.Rb5 f6 46.f3 Rc1 47.h4 gxh4+ 48.Kxh4 Rc4 49.Kg3 Ra4 50.f4 Ra7
51.Kh4 Rc7 52.Rb6 Kg7 53.Rb8 Ra7 54.Rb6 Rc7 55.Kh5 Ra7  1/2-1/2

[Event "Novara Open A 2013"]
[Site "Novara ITA"]
[Date "2013.11.03"]
[Round "5.4"]
[White "Calavalle,G"]
[Black "Lanzani,M"]
[Result "0-1"]
[WhiteElo "2210"]
[BlackElo "2305"]

1.e4 c5 2.Nf3 e6 3.d4 cxd4 4.Nxd4 Nc6 5.Nc3 Qc7 6.Ndb5 Qb8 7.Be3 a6 8.Bb6 axb5
9.Nxb5 Bb4+ 10.c3 Ba5 11.Nc7+ Qxc7 12.Bxc7 Bxc7 13.Bd3 Nge7 14.O-O O-O 15.f4 d5
16.exd5 Nxd5 17.Qe2 g6 18.g3 e5 19.f5 Bb6+ 20.Kh1 Ne3 21.g4 Nxf1 22.Rxf1 Rxa2
23.fxg6 hxg6 24.Bxg6 fxg6 25.Qc4+ Kg7 26.Rxf8 Ra1+ 27.Rf1 Be6 28.Qxe6 Rxf1+
29.Kg2 Rf2+ 30.Kg3 Rf6 31.Qc8 Rf7 32.g5 e4 33.Qe6 Bc7+ 34.Kg2 Ne5 35.Qh3 Bb6
36.Qe6 Bc7 37.Qh3 Re7 38.Kf1 Nf7 39.Qg2 Bf4 40.h4 Nd6 41.Qg4 Be5 42.h5 Nf5
43.Ke1 e3 44.hxg6 Kxg6 45.Qc4 Kxg5 46.Qc5 e2 47.Qxe7+ Nxe7 48.Kxe2 Nd5 49.Kd3 Nxc3
50.bxc3 b6 51.Kc4 Bd6  0-1

[Event "80th ch-BRA S/F 1 2013"]
[Site "Rio de Janeiro BRA"]
[Date "2013.11.03"]
[Round "6.11"]
[White "Martins,Ca1"]
[Black "Aranha Filho,A"]
[Result "1/2-1/2"]
[WhiteElo "2221"]
[BlackElo "2232"]

1.e4 c5 2.Nc3 e6 3.Nf3 Nc6 4.d4 cxd4 5.Nxd4 Qc7 6.g3 a6 7.Bg2 Nf6 8.O-O Bc5
9.Be3 Ne5 10.h3 Nc4 11.Bc1 d6 12.a4 Na5 13.Qd3 Nd7 14.Rd1 Ne5 15.Qe2 Qb6
16.Nf3 Nac6 17.a5 Nxf3+ 18.Qxf3 Qc7 19.Na4 Nd4 20.Qd3 e5 21.Be3 Bd7 22.Bxd4 exd4
23.Nb6 Rd8 24.Nd5 Qb8 25.b4 Ba7 26.c4 dxc3 27.Qxc3 O-O 28.Rac1 Kh8 29.Nb6 Bxb6
30.axb6 Bc6 31.g4 Rde8 32.Qg3 Qd8 33.Qxd6 Qxd6 34.Rxd6 Rd8 35.Rcd1 Rxd6 36.Rxd6 g5
37.e5 Bxg2 38.Kxg2 Re8 39.Rd7 Rxe5  1/2-1/2

[Event "TCh-FIN SM 2013-14"]
[Site "Sastamala FIN"]
[Date "2013.11.03"]
[Round "6.2"]
[White "Ristoja,J"]
[Black "Volodin,Alek"]
[Result "0-1"]
[WhiteElo "2260"]
[BlackElo "2481"]

1.e4 c5 2.Nf3 e6 3.d4 cxd4 4.Nxd4 Nc6 5.Nc3 Qc7 6.Be3 Nf6 7.Qd2 Bb4 8.f3 Nxd4
9.Qxd4 Bxc3+ 10.bxc3 O-O 11.e5 Nd5 12.Bd2 f6 13.exf6 Rxf6 14.Bd3 Nf4 15.O-O Nxd3
16.cxd3 b6 17.Rae1 Bb7 18.Re5 Raf8 19.Rfe1 h6 20.h4 Rg6 21.h5 Rgf6 22.c4 R8f7
23.R1e2 Qc6 24.Qe4 Qxe4 25.dxe4 Ba6 26.Be1 d6  0-1

[Event "Stockholm All Saints Open 2013"]
[Site "Stockholm SWE"]
[Date "2013.11.03"]
[Round "7.3"]
[White "Eriksson,B1"]
[Black "Akesson,R"]
[Result "0-1"]
[WhiteElo "2131"]
[BlackElo "2465"]

1.e4 c5 2.Nf3 e6 3.d4 cxd4 4.Nxd4 Nc6 5.Nc3 Qc7 6.Be3 Nf6 7.f3 Bb4 8.Nb5 Qb8
9.a3 Be7 10.Na4 d5 11.Bd3 O-O 12.O-O Rd8 13.exd5 Nxd5 14.Qe1 Nxe3 15.Qxe3 Qe5
16.Qf2 Rxd3 17.cxd3 Qxb5 18.Nc3 Qh5 19.Kh1 Bd7 20.Rad1 Bd6 21.g4 Qh6 22.d4 Ne7
23.d5 exd5 24.Nxd5 Nxd5 25.Rxd5 Bc6 26.Rh5 Qg6 27.Kg1 Re8 28.h3 Qe6 29.Qxa7 g6
30.Ra5 Bc7 31.Rc5 Qe3+  0-1

[Event "Chinese Zonal w 2013"]
[Site "Zhongshan CHN"]
[Date "2013.11.03"]
[Round "6.1"]
[White "Wang Jue"]
[Black "Lei Tingjie"]
[Result "1-0"]
[WhiteElo "2382"]
[BlackElo "2320"]

1.e4 c5 2.Nf3 e6 3.d4 cxd4 4.Nxd4 Nc6 5.Nc3 Qc7 6.Be2 a6 7.O-O Nf6 8.Be3 Bb4
9.Na4 Be7 10.Nxc6 bxc6 11.Nb6 Rb8 12.Nxc8 Qxc8 13.Bd4 c5 14.Be5 Rb6 15.Qd3 d6
16.Bc3 O-O 17.b3 d5 18.exd5 Nxd5 19.Be5 Rd8 20.Qg3 Bf6 21.Bxf6 Nxf6 22.Rad1 Nd5
23.a3 Qb8 24.c4 Nf6 25.Rxd8+ Qxd8 26.Rd1 Qc8 27.b4 cxb4 28.c5 Rc6 29.axb4 Nd5
30.Bf3 a5 31.Bxd5 exd5 32.Rxd5 Re6 33.Qc3 axb4 34.Qxb4 h6 35.h3 Qa8 36.Qd2 Qa4
37.Rd4 Qb3 38.Kh2 Qb7 39.Rd8+ Kh7 40.Rd7 Qe4 41.Qd3 Qxd3 42.Rxd3 Rc6 43.Rd5 Kg6
44.Kg3 Kf6 45.Kf4 Ra6 46.Rf5+ Ke6 47.Re5+ Kf6 48.Rf5+ Ke6 49.Re5+ Kf6 50.Re4 Ra2
51.Ke3 Rc2 52.Rf4+ Ke6 53.Kd4 Rc1 54.Re4+ Kd7 55.Rf4 Ke6 56.Rf3 Rc2 57.g4 Ke7
58.Kd5 f6 59.Kc6 Kf7 60.Kd6 Rd2+ 61.Kc7 Ke6 62.c6 g6 63.Re3+ Kd5 64.Kd7 Kc5+
65.Ke7 Kxc6 66.Re6+ Kc7 67.Rxf6 g5 68.Rf5 Rd3 69.f3 Rd1 70.Rf6 Rd3 71.Kf7 Rd1
72.Kg7  1-0

[Event "3rd Panama Open"]
[Site "Panama City PAN"]
[Date "2013.11.04"]
[Round "8.3"]
[White "Ruiz C,J"]
[Black "Cori,J"]
[Result "0-1"]
[WhiteElo "2399"]
[BlackElo "2609"]

1.e4 c5 2.Nf3 e6 3.d4 cxd4 4.Nxd4 Nc6 5.Nc3 Qc7 6.Be3 a6 7.Bd3 b5 8.O-O Bb7
9.f4 Nxd4 10.Bxd4 Bc5 11.Bxc5 Qxc5+ 12.Kh1 Ne7 13.Qg4 O-O 14.e5 f5 15.Qe2 Kh8
16.Rae1 g5 17.fxg5 Rg8 18.Qf2 Qb4 19.h4 Ng6 20.h5 Qh4+ 21.Kg1 Qxh5  0-1

[Event "3rd Panama Open"]
[Site "Panama City PAN"]
[Date "2013.11.04"]
[Round "8.8"]
[White "Alvarez Pedraza,A"]
[Black "Prasca Sosa,R"]
[Result "1-0"]
[WhiteElo "2490"]
[BlackElo "2420"]

1.e4 c5 2.Nf3 e6 3.d4 cxd4 4.Nxd4 Nc6 5.Nc3 Qc7 6.Be3 a6 7.Qf3 Nf6 8.O-O-O Be7
9.Nxc6 bxc6 10.g4 d5 11.g5 dxe4 12.Nxe4 Nd5 13.Bd2 e5 14.h4 Nf4 15.Bxf4 exf4
16.Bc4 Bf5 17.h5 h6 18.g6 fxg6 19.hxg6 Rb8 20.Rd4 Kf8 21.Qh5 Bc8 22.Bb3 Rb5
23.Qe2 Re5 24.Qc4 Be6 25.Qxa6 Ra5 26.Qd3 Bf5 27.Qc4 Bxg6 28.Qe6 Be8 29.Nd6 Bh5
30.Nf5 Bg5 31.Rd7  1-0

[Event "FSGM November 2013"]
[Site "Budapest HUN"]
[Date "2013.11.05"]
[Round "3.4"]
[White "Czebe,A"]
[Black "Sean,W"]
[Result "1/2-1/2"]
[WhiteElo "2458"]
[BlackElo "2317"]

1.e4 c5 2.Nf3 e6 3.d4 cxd4 4.Nxd4 Nc6 5.Nc3 Qc7 6.f4 a6 7.Nxc6 Qxc6 8.Bd3 Bc5
9.Bd2 Ne7 10.Qh5 g6 11.Qh6 b5 12.O-O-O Bb7 13.Rhe1 O-O-O 14.Kb1 f5 15.a3 Kb8
16.Na2 Bd4 17.Nc1 Qc7 18.Nb3 fxe4 19.Bxe4 Bxe4 20.Rxe4 Nf5 21.Qh3 Bb6 22.Bc3 d5
23.Rxe6 d4 24.Rxb6+ Qxb6 25.Ba5 Qe6 26.Bxd8 Rxd8 27.Qf3 Qd5 28.Qxd5 Rxd5
29.Rd2 Kb7 30.c3 d3 31.Rxd3 Rxd3 32.Nc5+ Kc6 33.Nxd3 Ne3 34.g3 Nf1 35.Ne5+ Kd5
36.Nf3 Ke4 37.Ng5+ Kf5 38.Nxh7 Nxh2 39.Nf8 Nf1 40.g4+ Kxf4 41.Nxg6+ Kxg4
42.Ne7  1/2-1/2

[Event "3rd Panama Open"]
[Site "Panama City PAN"]
[Date "2013.11.05"]
[Round "9.10"]
[White "Escobar Forero,A"]
[Black "Cori T.,D"]
[Result "1/2-1/2"]
[WhiteElo "2455"]
[BlackElo "2425"]

1.e4 c5 2.Nf3 e6 3.d4 cxd4 4.Nxd4 Nc6 5.Nc3 Qc7 6.g3 a6 7.Bg2 Nf6 8.O-O Nxd4
9.Qxd4 Bc5 10.Qd3 h6 11.Na4 d6 12.Nxc5 dxc5 13.b3 Bd7 14.Bb2 O-O-O 15.Qe3 e5
16.Rfd1 Bc6 17.h3 Nd7 18.Rd2 f6 19.Rad1 Nb8 20.f4 Rxd2 21.Rxd2 Nd7 22.Bf1  1/2-1/2

[Event "Chinese Zonal w 2013"]
[Site "Zhongshan CHN"]
[Date "2013.11.05"]
[Round "8.2"]
[White "Zhang Xiaowen"]
[Black "Lei Tingjie"]
[Result "1/2-1/2"]
[WhiteElo "2377"]
[BlackElo "2320"]

1.e4 c5 2.Nf3 e6 3.d4 cxd4 4.Nxd4 Nc6 5.Nc3 Qc7 6.Be3 a6 7.Be2 Nf6 8.O-O Be7
9.f4 d6 10.a4 O-O 11.Kh1 Re8 12.Bf3 Nxd4 13.Qxd4 e5 14.Qd2 exf4 15.Bxf4 Be6
16.Rfd1 Red8 17.h3 Rac8 18.a5 Nd7 19.Bxd6 Bxd6 20.Qxd6 Qxd6 21.Rxd6 Ne5 22.Rxd8+ Rxd8
23.Rd1 Rxd1+ 24.Bxd1 Nc6 25.Kg1 Nxa5 26.Kf2 Kf8 27.Nd5 Ke8 28.b3 Kd7 29.Nf4 Kd6
30.Ke3 Ke5 31.Nd3+ Kd6 32.Nf4 Ke5 33.Nd3+ Kd6 34.Nf4  1/2-1/2

[Event "US Chess League KO 2013"]
[Site "chess.com INT"]
[Date "2013.11.07"]
[Round "1"]
[White "Li,Ruifeng"]
[Black "Rodriguez,Er"]
[Result "1-0"]
[WhiteElo "2291"]
[BlackElo "2299"]

1.e4 c5 2.Nf3 e6 3.d4 cxd4 4.Nxd4 Nc6 5.Nc3 Qc7 6.Be3 a6 7.Be2 Nf6 8.O-O Bb4
9.f3 d5 10.exd5 exd5 11.Qe1 O-O 12.a3 Bd6 13.Qh4 Re8 14.Bf2 Ne5 15.Bd3 Nxd3
16.cxd3 Bd7 17.Rfe1 Rac8 18.Bg3 Bxg3 19.Qxg3 Qb6 20.Qf2 Qd6 21.Qg3 Qb6 22.Qf2 Qd6
23.Nb3 Re6 24.d4 b6 25.Rxe6 Bxe6 26.Re1 Nd7 27.Qg3 Qxg3 28.hxg3 Rc6 29.Kf2 Kf8
30.Nc1 Bf5 31.g4 Bg6 32.N1e2 f6 33.Nf4 Bf7 34.Nd3 Rd6 35.Nb4 Nb8 36.Rd1 Ke8
37.Nc2 Kd8 38.Ne3 Be6 39.Ne2 Nc6 40.Nf4 Ke7 41.Re1 Nxd4 42.Nf5+ Kd7 43.Nxd4  1-0

[Event "Chinese Zonal w 2013"]
[Site "Zhongshan CHN"]
[Date "2013.11.07"]
[Round "10.9"]
[White "Zhu,Jiner"]
[Black "Xiao,Yiyi"]
[Result "1-0"]
[WhiteElo "1829"]
[BlackElo "2187"]

1.e4 c5 2.Nf3 e6 3.d4 cxd4 4.Nxd4 Nc6 5.Nc3 a6 6.Be3 Qc7 7.Qd2 Nf6 8.f3 Be7
9.O-O-O b5 10.g4 Nxd4 11.Bxd4 Bb7 12.Bd3 O-O 13.h4 b4 14.Ne2 e5 15.Bf2 d5
16.exd5 Nxd5 17.Kb1 Rab8 18.Ka1 Rfd8 19.g5 b3 20.a3 Nb6 21.Rh3 Bc8 22.Rhh1 Bf5
23.Rc1 Qb7 24.Qa5 Bxd3 25.cxd3 Rxd3 26.Qxe5 Bd6 27.Qa5 Bc7 28.Nd4 Nc4 29.Qf5 Nxb2
30.Kxb2 Rd2+ 31.Kb1 Rxf2 32.Qd7 Rc2 33.Rce1 g6 34.Re8+ Rxe8 35.Qxe8+ Kg7
36.h5 gxh5 37.Nf5+ Kg6 38.Ne7+ Kxg5 39.Qxf7 h4 40.Qf5+ Kh6 41.Rxh4+ Kg7 42.Rxh7+  1-0

[Event "FSFMB November 2013"]
[Site "Budapest HUN"]
[Date "2013.11.08"]
[Round "6.1"]
[White "Karacsonyi,Gellert"]
[Black "Szabo,Mik"]
[Result "1-0"]
[WhiteElo "1782"]
[BlackElo "1315"]

1.e4 c5 2.Nf3 Nc6 3.d4 cxd4 4.Nxd4 e6 5.Nc3 a6 6.Be3 Bc5 7.Nxc6 dxc6 8.Qxd8+ Kxd8
9.Bxc5 e5 10.O-O-O+ Kc7 11.Bd6+ Kb6 12.Na4+ Ka7 13.Bxe5 f6 14.Bd4+ Kb8 15.Nb6 Ne7
16.Nxa8 Kxa8 17.Bc5 Ng6 18.Bb6 Be6 19.Rd8+ Rxd8 20.Bxd8 Ka7 21.g3 h5 22.f4 Bg4
23.Bg2 Nf8 24.h3 Be6 25.a4 Bc4 26.a5 Ne6 27.Bb6+ Kb8 28.Rd1 g6 29.f5 gxf5
30.exf5 h4 31.fxe6 Bxe6 32.Bf3 Bc8 33.Rd8 hxg3 34.Bg4 f5 35.Bxf5 g2 36.Rxc8+  1-0

[Event "10th European Teams w"]
[Site "Warsaw POL"]
[Date "2013.11.08"]
[Round "1.11"]
[White "Videnova,I"]
[Black "Kaps,D"]
[Result "1-0"]
[WhiteElo "2272"]
[BlackElo "2221"]

1.e4 c5 2.Nf3 Nc6 3.d4 cxd4 4.Nxd4 e6 5.Nc3 Qc7 6.Ndb5 Qb8 7.Be3 a6 8.Bb6 axb5
9.Nxb5 Bb4+ 10.c3 Ba5 11.Nc7+ Qxc7 12.Bxc7 Bxc7 13.Qg4 g6 14.Bb5 Nge7 15.Qe2 h5
16.a4 h4 17.h3 Kf8 18.O-O d5 19.b4 Rh5 20.Rfe1 dxe4 21.Qxe4 e5 22.a5 Bf5
23.Qe2 Rd8 24.Red1 Rxd1+ 25.Qxd1 Rg5 26.Kh1 Be4 27.f3 Bd5 28.Qd2 f6 29.Bd3 Be6
30.Be4 Nf5 31.Bxf5 Bxf5 32.b5 Nxa5 33.b6 Nc4 34.Qd5 Nxb6 35.Qc5+ Kf7 36.Qxc7+ Nd7
37.Rd1 Ke7 38.Qxb7 e4 39.fxe4 Be6 40.Qc6 Re5 41.c4 g5 42.Kh2 Ke8 43.Rxd7 Bxd7
44.Qxf6 Re6 45.Qxg5 Bc6 46.e5 Kd7 47.Qg7+ Re7 48.Qf6 Re6 49.Qf7+ Re7 50.e6+ Kd8
51.Qf8+ Be8 52.Qf6 Bc6 53.Qxh4 Bb7 54.Qf6 Bc6 55.h4 Be8 56.c5 Bc6 57.h5 Be8
58.h6 Bc6 59.h7 Be8 60.h8=Q  1-0

[Event "10th European Teams w"]
[Site "Warsaw POL"]
[Date "2013.11.08"]
[Round "1.6"]
[White "Purgar,I"]
[Black "Kursova,M"]
[Result "0-1"]
[WhiteElo "2136"]
[BlackElo "2339"]

1.e4 c5 2.Nf3 e6 3.d4 cxd4 4.Nxd4 Nc6 5.Nc3 Qc7 6.Be3 a6 7.Qd2 Nf6 8.O-O-O Bb4
9.f3 O-O 10.Nb3 Ne5 11.Qe1 Be7 12.Qf2 b5 13.Bb6 Qb8 14.Bd4 Bb7 15.Na5 d6
16.Nxb7 Qxb7 17.g4 Rac8 18.g5 Nfd7 19.h4 b4 20.Na4 Qc6 21.b3 Nxf3 22.Bb2 Nfe5
23.Qe2 Rc7 24.Rh2 Rfc8 25.Kb1 a5 26.Bh3 Nc5 27.Nxc5 Qxc5 28.Rf2 a4 29.Bd4 Qc6
30.Qd2 axb3 31.axb3 Qxe4 32.Bg2 Qxh4 33.Be3 Qg4 34.Rh1 Ng6 35.Rhf1 Bf8 36.Bf3 Qg3
37.Rg2 Qe5 38.Bd4 Qb5 39.Rh1 Qf5 40.Bg4 Qe4 41.Re1 Qd5 42.Rc1 Be7 43.Bh3 Nh4
44.Rg4 Nf3 45.Qd3 Ne5  0-1

[Event "Leuven Open 2013"]
[Site "Leuven BEL"]
[Date "2013.11.09"]
[Round "3.2"]
[White "Capone,N"]
[Black "Akesson,R"]
[Result "1-0"]
[WhiteElo "2170"]
[BlackElo "2456"]

1.e4 c5 2.Nf3 e6 3.d4 cxd4 4.Nxd4 Nc6 5.Nc3 Qc7 6.f4 a6 7.Nxc6 Qxc6 8.Bd3 b5
9.Qe2 Bb7 10.Bd2 Be7 11.a3 Rb8 12.O-O Nf6 13.e5 Nd5 14.Ne4 f5 15.exf6 Nxf6
16.Ng5 O-O 17.Kh1 Qc7 18.Bc3 h6 19.Be5 Bd6 20.Rad1 Bxe5 21.fxe5 hxg5 22.exf6 gxf6
23.Qh5 d6 24.Bg6 Bd5 25.Rd3 Rb7 26.Rg3 Qg7 27.Bd3 Rbf7 28.b3 Bc6 29.Qe2 Bd7
30.c4 f5 31.cxb5 f4 32.Rh3 axb5 33.Bh7+ Qxh7 34.Rxh7 Rxh7 35.Qd3 d5 36.Qd4 Rf5
37.Kg1 Rhf7 38.h3 g4 39.hxg4 e5 40.Qxd5 Rg5 41.Rxf4  1-0

[Event "10th European Teams w"]
[Site "Warsaw POL"]
[Date "2013.11.09"]
[Round "2.5"]
[White "Sebag,M"]
[Black "Botsari,A"]
[Result "1-0"]
[WhiteElo "2510"]
[BlackElo "2338"]

1.e4 c5 2.Nf3 e6 3.d4 cxd4 4.Nxd4 Nc6 5.Nc3 Qc7 6.Be3 a6 7.Qd2 Nf6 8.O-O-O Be7
9.f3 O-O 10.g4 Ne5 11.g5 Nh5 12.Rg1 Ng6 13.Bh3 f6 14.Bg4 Nhf4 15.h4 fxg5
16.hxg5 Ne5 17.Bf5 Nfg6 18.Bxg6 hxg6 19.Kb1 Nc4 20.Qd3 Nxe3 21.Qxe3 b5 22.e5 b4
23.Nce2 Bb7 24.Nf4 Bc5 25.Nxg6 Rxf3 26.Qe2 Bxd4 27.Rxd4 Qc5 28.Rgd1 Rd8 29.b3 Rg3
30.Qh5 Bc6 31.Rf4  1-0

[Event "10th European Teams w"]
[Site "Warsaw POL"]
[Date "2013.11.09"]
[Round "2.1"]
[White "Vasiliev,Olg"]
[Black "Girya,O"]
[Result "1/2-1/2"]
[WhiteElo "2282"]
[BlackElo "2447"]

1.e4 c5 2.Nf3 e6 3.Nc3 Nc6 4.d4 cxd4 5.Nxd4 Qc7 6.g3 a6 7.Bg2 Nf6 8.O-O d6
9.Be3 Be7 10.f4 O-O 11.h3 Nxd4 12.Bxd4 e5 13.Be3 b5 14.g4 b4 15.Ne2 Bb7 16.Ng3 d5
17.fxe5 Nxe4 18.Nf5 Bc5 19.Bxc5 Qxc5+ 20.Qd4 Qxd4+ 21.Nxd4 Rfe8 22.Nf3 Rac8
23.Rac1 Re7 24.Rfe1 g6 25.Re3 Nc5 26.a3 a5 27.axb4 axb4 28.Ra1 Ne6 29.c3 bxc3
30.bxc3 Rec7 31.Ra3 d4 32.Nxd4 Nxd4 33.Bxb7 Nc2 34.Bxc8 Rxc8 35.c4 Nxa3 36.Rxa3 Rxc4
37.Re3 Rc6 38.Kf2 Kf8 39.Kf3 Ke7 40.h4 Ke6 41.Kf4 Rc1 42.Kg5 Rc4 43.h5 h6+
44.Kxh6 Rxg4 45.hxg6 fxg6 46.Re1 Rg2 47.Re3 Rg1 48.Kg7 Rg5 49.Re1 Rxe5 50.Rxe5+ Kxe5
51.Kxg6  1/2-1/2

[Event "FSGM November 2013"]
[Site "Budapest HUN"]
[Date "2013.11.10"]
[Round "7.1"]
[White "Vavulin,M"]
[Black "Farago,I"]
[Result "1/2-1/2"]
[WhiteElo "2405"]
[BlackElo "2479"]

1.e4 c5 2.Nf3 e6 3.d4 cxd4 4.Nxd4 Nc6 5.Nc3 a6 6.f4 Nxd4 7.Qxd4 Ne7 8.Bd2 Nc6
9.Qf2 b5 10.O-O-O Be7 11.Be3 Bb7 12.Bb6 Qc8 13.g3 O-O 14.Bg2 d6 15.Rhe1 Nb8
16.Rd2 Nd7 17.Ba5 Nc5 18.Kb1 Re8 19.Bh3 Bf8 20.f5 Bc6 21.fxe6 fxe6 22.e5 Nb7
23.Bb6 b4 24.Ne4 Bxe4 25.Rxe4 d5 26.Rf4 Qc6 27.Rd1 Be7 28.Rf1 Rf8 29.Bd4 Rxf4
30.gxf4 g6 31.Qg1 Rc8 32.f5 exf5 33.Bxf5 Rf8 34.e6 Nd6 35.Bd3 Ne4 36.Rxf8+ Bxf8
37.Qg4 Bg7 38.Bxg7 Kxg7 39.h4 h5 40.Qh3 Kf6 41.Qe3 Kxe6 42.Qa7 Qd6 43.Bxa6 Qc5
44.Qxc5 Nxc5 45.Bb5 Ne4 46.Be8 g5 47.hxg5 h4 48.g6 h3 49.g7 Nf6 50.Bh5 h2
51.Bf3 Kf7 52.a4 bxa3 53.bxa3 Kxg7 54.Kb2 Kf7 55.Kc3 Ke6 56.Kd4 Kd6 57.a4 Ne4
58.c4 Nc5 59.Bxd5  1/2-1/2

[Event "TCh-CZE Zapad 2013-14"]
[Site "Czech Rep CZE"]
[Date "2013.11.10"]
[Round "2.3"]
[White "Cuhra,M"]
[Black "Vedral,O"]
[Result "1-0"]
[WhiteElo "2242"]
[BlackElo "2321"]

1.e4 c5 2.Nf3 Nc6 3.Nc3 e6 4.d4 cxd4 5.Nxd4 Qc7 6.g3 a6 7.Bg2 Nf6 8.O-O h5
9.h3 h4 10.g4 Nxd4 11.Qxd4 Bc5 12.Qd3 Rb8 13.Ne2 b5 14.Bf4 e5 15.Bg5 Rb6
16.Nc3 Bb7 17.Rad1 Rd6 18.Nd5 Nxd5 19.exd5 Rg6 20.Bd2 O-O 21.Be4 Rd6 22.Bg5 Re8
23.Bxh4 Ba7 24.b3 Rc8 25.Bg3 Bd4 26.Qf3 Rf6 27.Qe2 Qc5 28.g5 Rb6 29.Qf3 g6
30.Rd3 b4 31.Rfd1 Qa5 32.Rxd4 exd4 33.Be5 Rc5 34.Rxd4 Qxa2 35.Bd3 Rd6 36.Rxb4 Rdxd5
37.Rxb7 Qb1+ 38.Kh2  1-0

[Event "Chinese Teams 2013"]
[Site "Shijiazhuang CHN"]
[Date "2013.11.12"]
[Round "16.6"]
[White "Yu Ruiyuan"]
[Black "Yu Yangyi"]
[Result "1/2-1/2"]
[WhiteElo "2553"]
[BlackElo "2668"]

1.e4 c5 2.Nf3 e6 3.d4 cxd4 4.Nxd4 Nc6 5.Nc3 d6 6.Be2 Nf6 7.O-O Be7 8.Be3 O-O
9.Kh1 e5 10.Nb3 a5 11.Bf3 a4 12.Nd2 Be6 13.Nd5 Bxd5 14.exd5 Nb4 15.c4 Nd7
16.a3 Nd3 17.Ne4 Nxb2 18.Qe2 f5 19.Qxb2 fxe4 20.Bg4 b6 21.Rab1 Rb8 22.Be6+ Kh8
23.Bxd7 Qxd7 24.Qb5 Qf5 25.Qxa4 Bg5 26.Kg1 Bxe3 27.fxe3 Qg5 28.Qb3 Rf3 29.Kh1 Rf6
30.a4 h6  1/2-1/2

[Event "Chinese Teams 2013"]
[Site "Shijiazhuang CHN"]
[Date "2013.11.13"]
[Round "17.3"]
[White "Medina,W"]
[Black "Lei Tingjie"]
[Result "1-0"]
[WhiteElo "2335"]
[BlackElo "2327"]

1.e4 c5 2.Nf3 e6 3.d4 cxd4 4.Nxd4 Nc6 5.Nc3 Qc7 6.Be2 a6 7.O-O Nf6 8.Be3 Be7
9.f4 d6 10.Kh1 O-O 11.Qe1 Nxd4 12.Bxd4 b5 13.a3 Bb7 14.Qg3 Rad8 15.Rad1 Bc6
16.Bf3 a5 17.e5 dxe5 18.fxe5 Bxf3 19.Nxb5 Ne4 20.Qxf3 Qxc2 21.Rfe1 Qc4 22.Qxe4 Qxb5
23.Bc3 a4 24.h3 h6 25.Kh2 Bc5 26.Qc2 Rxd1 27.Qxd1 Qc4 28.Qc2 Rd8 29.Qe2 Rd3
30.Qg4 Qxg4 31.hxg4 Bf2 32.Rc1 Bg3+ 33.Kg1 Re3 34.Kf1 Re4 35.Rd1 Rxg4 36.Rd4 Rxd4
37.Bxd4 g5 38.Ke2 g4 39.b3 axb3 40.a4 f6 41.a5 fxe5 42.a6 exd4 43.a7 h5 44.a8=Q+ Kf7
45.Kd3 b2 46.Qb7+ Kf6 47.Ke4 h4 48.Qxb2 h3 49.Qxd4+ Kf7 50.gxh3 gxh3 51.Qd8 h2
52.Qh8 Bd6 53.Kf3 Ke7 54.Qh7+ Kf6 55.Kg4 Be5 56.Qb7 Bd6 57.Qe4 Bb8 58.Kh5 Bc7
59.Kh6 Bd6 60.Qf3+ Ke5 61.Kg6 Bb8 62.Kf7 Bc7 63.Qe3+ Kf5 64.Qxe6+ Kf4 65.Qh3 Ke4
66.Ke6 Bf4 67.Qg2+ Ke3 68.Kf5 Bc7 69.Kg4 Be5 70.Qf3+ Kd4 71.Kf5 Bd6 72.Qe4+ Kc3
73.Qc6+ Kb3 74.Ke6 Bg3 75.Qc1 Bf4 76.Qc6 Bg3 77.Kf5 Bd6 78.Kg4 Bc5 79.Qb5+ Bb4
80.Qd3+ Bc3 81.Qd1+  1-0

[Event "Chinese Teams 2013"]
[Site "Shijiazhuang CHN"]
[Date "2013.11.14"]
[Round "18.2"]
[White "Wang Rui"]
[Black "Zhou Jianchao"]
[Result "0-1"]
[WhiteElo "2406"]
[BlackElo "2567"]

1.e4 c5 2.Nf3 e6 3.d4 cxd4 4.Nxd4 Nc6 5.Nc3 Qc7 6.Be2 Nf6 7.O-O a6 8.Be3 Be7
9.f4 d6 10.Kh1 O-O 11.Qe1 Nxd4 12.Bxd4 b5 13.a3 Bb7 14.Qg3 Rad8 15.Rae1 Bc6
16.Bd3 Qb7 17.Nd1 Nh5 18.Qh3 Bf6 19.c3 g6 20.g4 Bxd4 21.cxd4 Nf6 22.Nf2 Qb6
23.Qe3 b4 24.axb4 Qxb4 25.Re2 Bb5 26.g5 Nh5 27.Ng4 Bxd3 28.Qxd3 d5 29.e5 Rb8
30.Nf6+ Nxf6 31.gxf6 Qb3 32.Qxa6 Ra8 33.Qd6 Qd3 34.Ref2 Qxd4 35.Qc6 Rfc8
36.Qb5 Rab8 37.Qe2 Rb4 38.Rd1 Qb6 39.Rd3 Re4 40.Qd2 Qb4 41.Qxb4 Rxb4 42.Kg2 h6
43.Ra3 Rc7 44.h4 Kh7 45.Rc3 Rcb7 46.Kg3 g5 47.hxg5 hxg5 48.fxg5 Kg6 49.Rc8 Rb8
50.Rxb8 Rxb8 51.Kf4 Rb4+ 52.Ke3 Kxg5 53.Kd3 Re4 54.Rg2+ Kf5 55.Rg7 Kxe5 56.Rxf7 Rf4
57.Rb7 Rxf6 58.b4 Rf3+ 59.Ke2 Rb3 60.Rb6 d4 61.Kd2 Kd5 62.Kc2 Rc3+ 63.Kd2 e5
64.Rb5+ Ke4 65.Rb8 Rh3 66.b5 Rh2+ 67.Kc1 Kd3 68.b6 Rh1+ 69.Kb2 Rh6 70.Ka3 e4
71.Kb4 e3 72.Kc5 e2 73.Re8 Rh5+ 74.Kc6 Rh1 75.b7 Rb1  0-1

[Event "23rd World Seniors 2013"]
[Site "Opatija CRO"]
[Date "2013.11.15"]
[Round "4.58"]
[White "Carlsten,P"]
[Black "Titz,Hei"]
[Result "1/2-1/2"]
[WhiteElo "1997"]
[BlackElo "2174"]

1.e4 c5 2.Nf3 e6 3.d4 cxd4 4.Nxd4 Nc6 5.Nc3 Qc7 6.Be2 Nf6 7.O-O a6 8.Be3 Bb4
9.Na4 Be7 10.Nc3 d6 11.f4 O-O 12.Qe1 Nxd4 13.Bxd4 e5 14.fxe5 dxe5 15.Qg3 Bc5
16.Bxc5 Qxc5+ 17.Kh1 Ne8 18.Bd3 Be6 19.Nd5 Qd6 20.Ne3 Rc8 21.Rad1 Qc5 22.Nd5 Bxd5
23.exd5 Qe7 24.Bxh7+ Kxh7 25.Qh3+ Kg8 26.Qxc8 Nd6 27.Qh3 f5 28.Qd3 b5 29.a4 e4
30.Qd4 Rc8 31.axb5 axb5 32.c3 Rc4 33.Qe3 Qe5 34.Qf4 Qxf4 35.Rxf4 Kf7 36.h4  1/2-1/2

[Event "4NCL 2013-14"]
[Site "Hinckley ENG"]
[Date "2013.11.16"]
[Round "1.161"]
[White "Bisby,D"]
[Black "Zhou,Y"]
[Result "1-0"]
[WhiteElo "2311"]
[BlackElo "2486"]

1.e4 c5 2.Nf3 e6 3.d4 cxd4 4.Nxd4 Nc6 5.Nc3 Qc7 6.Be3 a6 7.Be2 Nf6 8.a3 Be7
9.f4 d6 10.g4 Nd7 11.g5 b5 12.Nxc6 Qxc6 13.Qd2 O-O 14.O-O-O Nc5 15.h4 Rb8
16.f5 exf5 17.h5 b4 18.axb4 Rxb4 19.h6 Be6 20.hxg7 Rfb8 21.Bb5 Nd3+ 22.Bxd3 fxe4
23.Rxh7 Bf5 24.Qh2 f6 25.Rh8+ Kf7 26.Rxb8 Rxb8 27.Qh8 Rg8 28.Be2 Qc8 29.Rh1 d5
30.Nxd5 Bd6 31.Nxf6  1-0

[Event "10th European Teams w"]
[Site "Warsaw POL"]
[Date "2013.11.16"]
[Round "8.6"]
[White "Gara,A"]
[Black "Iwanow,A"]
[Result "1-0"]
[WhiteElo "2311"]
[BlackElo "2206"]

1.e4 c5 2.Nf3 e6 3.d4 cxd4 4.Nxd4 Nc6 5.Nc3 Qc7 6.Be2 Nf6 7.Be3 a6 8.O-O Be7
9.f4 d6 10.Kh1 O-O 11.Qe1 Nxd4 12.Bxd4 b5 13.a3 Bb7 14.Qg3 Rad8 15.Bd3 Rfe8
16.Rae1 Rd7 17.Nd1 Nh5 18.Qh3 g6 19.f5 e5 20.fxg6 hxg6 21.Bb6 Qc6 22.Ne3 Bf8
23.Nd5 Bg7 24.Be3 Nf4 25.Bxf4 exf4 26.c3 Be5 27.Nxf4 Kg7 28.Qg4 Rh8 29.h3 Qc8
30.Nd5 Rdd8 31.Qf3 Bxd5 32.exd5 f5 33.Qe3 Rdf8 34.Rf3 Qb7 35.Ref1 Rh5 36.Bc2 Rfh8
37.Qd3 a5 38.g4 Rg5 39.gxf5 gxf5 40.Qd2 Rhh5 41.Bxf5 Rxf5 42.Rxf5 Rxh3+ 43.Kg1 Rg3+
44.Kf2 Qe7 45.Rh1 Rg6 46.Rf3 b4 47.axb4 axb4 48.Rg1 Qh4+ 49.Kf1 Qc4+ 50.Qd3 Rxg1+
51.Kxg1 Qg4+ 52.Kf1 Qh4 53.Qf5 Qh1+ 54.Ke2 bxc3 55.Qg4+  1-0

[Event "10th European Teams w"]
[Site "Warsaw POL"]
[Date "2013.11.16"]
[Round "8.1"]
[White "Muzychuk,M"]
[Black "Galojan,L"]
[Result "1-0"]
[WhiteElo "2491"]
[BlackElo "2301"]

1.e4 c5 2.Nf3 e6 3.d4 cxd4 4.Nxd4 Nc6 5.Nc3 Qc7 6.Be3 a6 7.Qd2 Nf6 8.f4 Bb4
9.Bd3 d6 10.a3 Bc5 11.Nxc6 Qxc6 12.Bxc5 Qxc5 13.O-O-O O-O 14.Be2 Ne8 15.g4 b5
16.h4 Rb8 17.Rh3 b4 18.Na2 b3 19.Nb4 bxc2 20.Qxc2 Qxc2+ 21.Kxc2 Bb7 22.Bxa6 Bxe4+
23.Bd3 Nf6 24.g5 Rfc8+ 25.Kd2 Bxd3 26.gxf6 Bg6 27.h5 Bf5 28.Rg3 g6 29.h6 Kf8
30.Rc3 Rxc3 31.Kxc3 Rc8+ 32.Kd4 Ke8 33.a4 Kd7 34.a5 g5 35.fxg5 d5 36.b3 Kd6
37.Nd3 Rb8 38.Ne5 Rb4+ 39.Kc3 Rb7 40.a6 Ra7 41.Kd4 Bg6 42.Ra1 Bh5 43.b4 Be2
44.Nxf7+ Kd7 45.g6  1-0

[Event "TCh-BEL 2013-14"]
[Site "Belgium BEL"]
[Date "2013.11.17"]
[Round "4.1"]
[White "Carmeille,L"]
[Black "Ducarmon,Q"]
[Result "0-1"]
[WhiteElo "2345"]
[BlackElo "2451"]

1.e4 c5 2.Nf3 e6 3.d4 cxd4 4.Nxd4 Nc6 5.Nc3 Qc7 6.Be3 a6 7.Qd2 Nf6 8.O-O-O Be7
9.f3 b5 10.g4 Nxd4 11.Bxd4 Bb7 12.Kb1 O-O 13.g5 Nh5 14.Be3 d5 15.Be2 Rfd8
16.f4 d4 17.Bxh5 dxc3 18.Qxc3 Qxc3 19.bxc3 Bxe4 20.Rxd8+ Rxd8 21.Rd1 Bd5
22.Kb2 Rc8 23.Bd4 Rc4 24.f5 Ra4 25.f6 Ba3+ 26.Kb1 g6 27.Be2 Bd6 28.Bf2 Bc7
29.Bg3 Ba5 30.Rd4 Ra3 31.c4 bxc4 32.Bxc4 Ra4 33.Rxd5 exd5 34.Bxd5 Bc3 35.Bf3 Bd2
36.Kb2 Rb4+ 37.Ka3 a5  0-1